000
00233 a2200097 4500
001
6986
100
_a
Pithawalla, M.B
245
_a
Pakistan :its resources and potentialities
260
_a
_b
Publisher united
_c
090
_c
5769
_d
5769
942
_a
NUST-CAE
_c
M
_c
32232
999
_c
242059
_d
242059